000 00192 a2200097 4500
020 _a9780673758842
041 _aspa
100 _aMurphy, Joelle
245 _aPisaditas de patitas
942 _cBK
999 _c31925
_d31923